000 00231nam a2200097Ia 4500
001 645280
005 20250826153620.0
008 250824s9999 xx 000 0 und d
245 0 _aHZ ZEYNEP
_cCİHAN AKTAŞ
260 _bBEYAN YAYINLARI
999 _c645280
_d645280